[Event "Schachfestival Nestoren"]
[Site "Bad Woerishofen"]
[Date "2011.03.25"]
[Round "2.3"]
[White "Michalowski, Richard"]
[Black "Lainburg, Viktor"]
[Result "0-1"]
[WhiteElo "1848"]
[BlackElo "2190"]
[PlyCount "86"]
[EventDate "2011.??.??"]

1. c4 e5 2. Nc3 Bb4 3. g3 Bxc3 4. bxc3 d6 5. Bg2 Ne7 6. d4 O-O 7. e3 Nbc6 8.
Nf3 f6 9. O-O Qe8 10. Nd2 Qg6 11. Nb3 a5 12. a4 Bf5 13. Qd2 Bd3 14. Re1 Bxc4
15. Ra3 e4 16. Bf1 Bxf1 17. Rxf1 h5 18. f3 h4 19. Qg2 hxg3 20. Qxg3 Qxg3+ 21.
hxg3 exf3 22. Rxf3 f5 23. Ra2 b6 24. Raf2 g6 25. Nd2 Nd5 26. Bb2 Rae8 27. Re2
Nf6 28. c4 Ne4 29. Nxe4 Rxe4 30. Rf4 Rfe8 31. Kf2 Nb4 32. Rxe4 Nd3+ 33. Kf3
Rxe4 34. Rd2 Nxb2 35. Rxb2 Kf7 36. Rh2 Kg7 37. Rg2 c5 38. g4 Rxg4 39. Rxg4
fxg4+ 40. Kxg4 cxd4 41. exd4 Kf6 42. Kf4 g5+ 43. Ke4 Ke6 0-1

[Event "Schachfestival Open"]
[Site "Bad Woerishofen"]
[Date "2011.03.25"]
[Round "2.6"]
[White "Lindemann, Christian"]
[Black "Kasparov, Sergey"]
[Result "0-1"]
[WhiteElo "2230"]
[BlackElo "2473"]
[PlyCount "95"]
[EventDate "2011.??.??"]

1. e4 d5 2. exd5 Qxd5 3. Nc3 Qd6 4. d4 Nf6 5. Be2 c6 6. Nf3 Bf5 7. Ne5 Nbd7 8.
Bf4 Nxe5 9. Bxe5 Qd7 10. O-O e6 11. Rb1 Be7 12. b4 O-O 13. Na4 Qc8 14. Rb3 Nd7
15. Bf4 Rd8 16. Qc1 Nb6 17. Nxb6 axb6 18. Qb2 Bf6 19. Rd1 Qd7 20. c3 b5 21. Ra3
Rxa3 22. Qxa3 e5 23. Be3 Be6 24. Qa7 e4 25. Ra1 Be7 26. a4 bxa4 27. Rxa4 Bd6
28. Ra1 f5 29. g3 h6 30. h4 Rf8 31. Qb6 Qf7 32. Bf4 Bxf4 33. gxf4 Bc4 34. Bxc4
Qxc4 35. Qxb7 Qxc3 36. Ra7 Qxd4 37. Qe7 Qd1+ 38. Kg2 Qg4+ 39. Kf1 Qd1+ 40. Kg2
Qg4+ 41. Kf1 Qg6 42. h5 Qf7 43. Rc7 Qxe7 44. Rxe7 Rb8 45. Re5 Rxb4 46. Rxf5 Rb5
47. Re5 Rxe5 48. fxe5 0-1

[Event "Schachfestival Open"]
[Site "Bad Woerishofen"]
[Date "2011.03.25"]
[Round "2.16"]
[White "Stümer, Paul"]
[Black "Gutman, Lev"]
[Result "0-1"]
[WhiteElo "2144"]
[BlackElo "2430"]
[PlyCount "84"]
[EventDate "2011.??.??"]

1. Nf3 Nf6 2. g3 g6 3. Bg2 Bg7 4. O-O O-O 5. d4 d5 6. c4 dxc4 7. Na3 a5 8. Nxc4
Be6 9. Nce5 Bd5 10. Bf4 c6 11. Qc1 Na6 12. Rd1 Nc7 13. Nc4 Nb5 14. Be5 a4 15.
h4 Ne4 16. Bxg7 Kxg7 17. Nfe5 Nf6 18. e3 Nd6 19. f3 Bxc4 20. Nxc4 Nd5 21. Nxd6
Qxd6 22. e4 Nc7 23. f4 Rfd8 24. Qe3 Nb5 25. d5 cxd5 26. exd5 Qf6 27. Qe5 Nd6
28. Rac1 Rac8 29. Rxc8 Rxc8 30. Rd2 Rc1+ 31. Kf2 Nc4 32. Qxf6+ Kxf6 33. Re2 h5
34. Be4 b5 35. Bd3 Nd6 36. Re1 Rc5 37. Re5 b4 38. Ke2 Rc1 39. Kd2 Ra1 40. Re1
Rxa2 41. Rb1 a3 42. Kc2 Nf5 0-1

[Event "Schachfestival Open"]
[Site "Bad Woerishofen"]
[Date "2011.03.25"]
[Round "2.17"]
[White "Eisenbeiser, Amadeus"]
[Black "Einwiller, Dieter"]
[Result "1-0"]
[WhiteElo "2411"]
[BlackElo "2167"]
[PlyCount "51"]
[EventDate "2011.??.??"]

1. e4 d5 2. exd5 Nf6 3. Nf3 Nxd5 4. d4 Bg4 5. c4 Nb6 6. c5 N6d7 7. Bc4 e6 8.
Nc3 Be7 9. Be3 O-O 10. h3 Bh5 11. Qa4 Bxf3 12. gxf3 e5 13. O-O-O exd4 14. Bxd4
c6 15. Ne4 b5 16. cxb6 Nxb6 17. Qc2 N8d7 18. Rhg1 g6 19. Nf6+ Nxf6 20. Rxg6+
Kh8 21. Rh6 Qxd4 22. Rxd4 Kg7 23. Rxf6 Bxf6 24. Rg4+ Kh8 25. Qf5 Bg7 26. Bd3
1-0

[Event "Schachfestival Senioren"]
[Site "Bad Woerishofen"]
[Date "2011.03.25"]
[Round "2.4"]
[White "Kierzek, Mira"]
[Black "Neese, Hans Joachim"]
[Result "0-1"]
[WhiteElo "2044"]
[BlackElo "2230"]
[PlyCount "116"]
[EventDate "2011.??.??"]

1. d4 Nf6 2. Bg5 e6 3. e4 h6 4. Bxf6 Qxf6 5. Nc3 a6 6. Qd2 d6 7. f4 g5 8. Nge2
Nd7 9. f5 Nb6 10. Ng3 h5 11. Bd3 e5 12. Nd5 Nxd5 13. exd5 g4 14. Ne4 Qh6 15.
dxe5 Qxd2+ 16. Nxd2 dxe5 17. O-O-O f6 18. Be4 Bd7 19. c4 Rb8 20. Nb3 b6 21. Kb1
a5 22. Rc1 a4 23. Nd2 Bc5 24. Rhf1 Kf7 25. Bd3 Be3 26. Rc2 h4 27. Ne4 Ke7 28.
c5 bxc5 29. Nxc5 Bxc5 30. Rxc5 Kd6 31. Rfc1 Rb7 32. Ba6 Ra7 33. Bd3 Rb8 34.
R1c2 Rb4 35. Kc1 Rd4 36. Be2 Bxf5 37. Rc6+ Kd7 38. R2c5 Rxd5 39. Rc4 Rd6 40.
Rxd6+ cxd6 41. Bxg4 Ke6 42. Bxf5+ Kxf5 43. Rxh4 e4 44. Rh3 Rg7 45. g3 Ke5 46.
Rh5+ f5 47. Kd2 d5 48. Rh8 Rb7 49. Re8+ Kd4 50. Kc2 Ke3 51. Rd8 d4 52. b3 a3
53. Ra8 Rh7 54. h4 Rg7 55. b4 Rxg3 56. Rxa3+ d3+ 57. Kb2 Ke2 58. b5 Rg8 0-1

[Event "Schachfestival Senioren"]
[Site "Bad Woerishofen"]
[Date "2011.03.25"]
[Round "2.10"]
[White "Höschele, Hans-Ulrich"]
[Black "Zschorsch, Peter"]
[Result "1/2-1/2"]
[WhiteElo "2158"]
[BlackElo "1973"]
[PlyCount "106"]
[EventDate "2011.??.??"]

1. c4 Nf6 2. Nf3 g6 3. Nc3 Bg7 4. g3 O-O 5. Bg2 c6 6. d3 d6 7. Bd2 Bd7 8. O-O
Qc8 9. Re1 Bh3 10. Bh1 e5 11. Rb1 Bg4 12. b4 Nbd7 13. b5 Rb8 14. Qc1 Re8 15.
Qa3 c5 16. Nh4 h6 17. Ng2 Ra8 18. Ne3 Be6 19. Qb3 Rb8 20. a4 b6 21. Bc6 Rf8 22.
Ncd5 Qd8 23. a5 Nxd5 24. cxd5 Bh3 25. Qa4 f5 26. axb6 axb6 27. Qh4 Qxh4 28.
gxh4 Nf6 29. Nc4 Rfd8 30. Rb3 Bg4 31. f3 Bh3 32. Ra1 e4 33. dxe4 fxe4 34. Ra6
exf3 35. exf3 Nd7 36. Kf2 Ne5 37. Nxb6 c4 38. Rba3 Bf6 39. Kg3 Bf1 40. Bc3 Rf8
41. Kf2 Bxh4+ 42. Kxf1 Rxf3+ 43. Ke2 Rf2+ 44. Kd1 Rf1+ 45. Kc2 Rf2+ 46. Kb1
Rf1+ 47. Ka2 Rf2+ 48. Bb2 Bf6 49. Ra8 Rxa8 50. Rxa8+ Kg7 51. Ra7+ Kg8 52. Ra8+
Kg7 53. Ra7+ Kg8 1/2-1/2

[Event "Schachfestival Senioren"]
[Site "Bad Woerishofen"]
[Date "2011.03.25"]
[Round "2.1"]
[White "Bhend, Edwin"]
[Black "Wissinger.Peter"]
[Result "1-0"]
[WhiteElo "2252"]
[BlackElo "2054"]
[PlyCount "89"]
[EventDate "2011.??.??"]

1. e4 e5 2. Nf3 Nc6 3. Nc3 Nf6 4. Bb5 Bb4 5. O-O Bxc3 6. bxc3 d6 7. Re1 Bd7 8.
d4 Qe7 9. Ba3 O-O-O 10. Qd3 Qe8 11. Rab1 Nb8 12. Bxd7+ Nbxd7 13. Qb5 Nb6 14.
dxe5 Qxb5 15. Rxb5 dxe5 16. Nxe5 Rd2 17. Rb2 Rhd8 18. Nxf7 Nc4 19. Nxd8 Nxb2
20. e5 Ne8 21. Bxb2 Kxd8 22. Rc1 c6 23. c4 Nc7 24. Bc3 Rd7 25. f3 Ne6 26. Kf2
Ke8 27. Ke3 g5 28. g3 Kf7 29. Rh1 Kg6 30. h4 h6 31. h5+ Kg7 32. f4 Rf7 33. Rf1
gxf4+ 34. gxf4 Kf8 35. Ke4 Nc5+ 36. Ke3 Ne6 37. Bb4+ c5 38. Bc3 Rf5 39. Ke4
Rxh5 40. f5 Nc7 41. Bd2 b6 42. Bf4 Rh4 43. Rd1 Ke7 44. Rd6 h5 45. f6+ 1-0

[Event "Schachfestival Senioren"]
[Site "Bad Woerishofen"]
[Date "2011.03.25"]
[Round "2.2"]
[White "Plischke, Berthold"]
[Black "Rahls, Peter"]
[Result "0-1"]
[WhiteElo "2054"]
[BlackElo "2249"]
[PlyCount "60"]
[EventDate "2011.??.??"]

1. e4 c5 2. Nf3 e6 3. d4 cxd4 4. Nxd4 Nf6 5. Nc3 d6 6. Be2 a6 7. Be3 Nbd7 8.
Qd2 b5 9. f3 Bb7 10. g4 Nb6 11. O-O-O Rc8 12. Bd3 Be7 13. Qf2 Nfd7 14. h4 d5
15. Nb3 b4 16. Ne2 Nc4 17. Bxc4 dxc4 18. Nbd4 Qa5 19. Kb1 Nc5 20. Qe1 O-O 21.
g5 Qc7 22. h5 Rfd8 23. Qf1 e5 24. Nf5 Bf8 25. Rxd8 Rxd8 26. Neg3 Ne6 27. g6 b3
28. gxh7+ Kxh7 29. Qg1 bxc2+ 30. Kc1 Rd1+ 0-1

[Event "Schachfestival Senioren"]
[Site "Bad Woerishofen"]
[Date "2011.03.25"]
[Round "2.48"]
[White "Fels, Karl-Heinz"]
[Black "Erler, Klaus-Jürgen"]
[Result "0-1"]
[WhiteElo "1911"]
[BlackElo "1762"]
[PlyCount "33"]
[EventDate "2011.??.??"]

1. e4 d6 2. d4 e5 3. d5 Nf6 4. Nc3 c6 5. Bg5 Be7 6. dxc6 bxc6 7. Qd2 h6 8. Bxf6
Bxf6 9. Rd1 Be7 10. Bc4 O-O 11. h3 Qc7 12. Nf3 Kh8 13. O-O Ba6 14. Qd3 Bxc4 15.
Qxc4 Nd7 16. Nd5 Nb6 17. Nxc7 0-1

[Event "Schachfestival Open"]
[Site "Bad Woerishofen"]
[Date "2011.03.25"]
[Round "3.7"]
[White "Karpatchev, Alexandr"]
[Black "Von Gleich, Alexander"]
[Result "1-0"]
[WhiteElo "2472"]
[BlackElo "2335"]
[PlyCount "37"]
[EventDate "2011.??.??"]

1. e4 Nf6 2. e5 Nd5 3. c4 Nb6 4. c5 Nd5 5. Bc4 e6 6. d4 d6 7. cxd6 cxd6 8. Nf3
Bd7 9. O-O Bc6 10. Nc3 Nb6 11. Bb3 Bxf3 12. Qxf3 Nc6 13. d5 Nd4 14. Qe4 Nxb3
15. axb3 Qd7 16. Bf4 dxe5 17. dxe6 fxe6 18. Rfd1 Qf7 19. Be3 1-0

[Event "Schachfestival Open"]
[Site "Bad Woerishofen"]
[Date "2011.03.25"]
[Round "3.9"]
[White "Vrana, Frantisek"]
[Black "Skembris, Spyridon"]
[Result "0-1"]
[WhiteElo "2305"]
[BlackElo "2461"]
[PlyCount "50"]
[EventDate "2011.??.??"]

1. e4 c5 2. Nf3 Nc6 3. g3 g6 4. d4 cxd4 5. Nxd4 Bg7 6. Ne2 h5 7. h3 b5 8. Nbc3
b4 9. Nd5 e6 10. Ne3 a5 11. Bg2 Ba6 12. O-O Nge7 13. Re1 Qc7 14. a3 O-O 15. Nf4
h4 16. Kh2 hxg3+ 17. fxg3 Ne5 18. axb4 axb4 19. Qd2 N7c6 20. Ra4 Bb5 21. Rxa8
Rxa8 22. b3 Nd4 23. Qd1 Ra2 24. Kh1 Nxc2 25. Nxc2 Qxc2 0-1

[Event "Schachfestival Open"]
[Site "Bad Woerishofen"]
[Date "2011.03.25"]
[Round "3.40"]
[White "Einwiller, Dieter"]
[Black "Willin, Bernhard"]
[Result "1/2-1/2"]
[WhiteElo "2167"]
[BlackElo "1996"]
[PlyCount "68"]
[EventDate "2011.??.??"]

1. c4 e5 2. e4 Nc6 3. g3 Bc5 4. Bg2 Nge7 5. Ne2 d6 6. d3 O-O 7. Be3 Be6 8. O-O
Qd7 9. Nbc3 Nd4 10. Nd5 c6 11. Nxe7+ Qxe7 12. Nxd4 Bxd4 13. Bxd4 exd4 14. Qd2
f6 15. b4 c5 16. Rab1 Rac8 17. bxc5 dxc5 18. e5 Rc7 19. exf6 Rxf6 20. Rfe1 Qd7
21. Rxe6 Rxe6 22. Bd5 Kf8 23. Bxe6 Qxe6 24. Qf4+ Qf7 25. Qh4 Re7 26. Qxh7 Qf3
27. Qh8+ Kf7 28. Rf1 b6 29. Qh7 Re6 30. h4 Rg6 31. Re1 Rxg3+ 32. fxg3 Qxg3+ 33.
Kf1 Qf3+ 34. Kg1 Qg3+ 1/2-1/2

[Event "Schachfestival Open"]
[Site "Bad Woerishofen"]
[Date "2011.03.25"]
[Round "3.88"]
[White "Gerhards, Walter"]
[Black "Auschkalnis, Reinhard"]
[Result "1-0"]
[WhiteElo "1993"]
[BlackElo "1845"]
[PlyCount "47"]
[EventDate "2011.??.??"]

1. e4 c5 2. Nf3 e6 3. d4 cxd4 4. Nxd4 a6 5. c4 Nf6 6. Nc3 Bb4 7. Qc2 Bxc3+ 8.
bxc3 Qa5 9. Bd3 Nc6 10. O-O O-O 11. f4 Qc5 12. Kh1 Nxd4 13. cxd4 Qxd4 14. Bb2
Qa7 15. e5 Ng4 16. Bxh7+ Kh8 17. Be4 g6 18. Qe2 Qe3 19. Qxg4 Qxe4 20. Ba3 Re8
21. Qh4+ Kg8 22. Rf3 Qf5 23. Rh3 Qh5 24. Qf6 1-0

[Event "Schachfestival Open"]
[Site "Bad Woerishofen"]
[Date "2011.03.25"]
[Round "3.1"]
[White "Pirrot, Dieter"]
[Black "Tiviakov, Sergei"]
[Result "1/2-1/2"]
[WhiteElo "2393"]
[BlackElo "2624"]
[PlyCount "26"]
[EventDate "2011.??.??"]

1. e4 d5 2. exd5 Qxd5 3. Nf3 Nf6 4. d4 g6 5. Be2 Bg7 6. O-O O-O 7. c4 Qd6 8.
Nc3 c6 9. a3 Bf5 10. Re1 Re8 11. c5 Qc7 12. Bc4 Bc8 13. Ne5 e6 1/2-1/2

[Event "Schachfestival Open"]
[Site "Bad Woerishofen"]
[Date "2011.03.25"]
[Round "3.2"]
[White "Zubarev, Alexander"]
[Black "Kilgus, Georg"]
[Result "1/2-1/2"]
[WhiteElo "2594"]
[BlackElo "2375"]
[PlyCount "37"]
[EventDate "2011.??.??"]

1. d4 d5 2. Nf3 Nf6 3. c4 dxc4 4. e3 e6 5. Bxc4 c5 6. O-O a6 7. dxc5 Bxc5 8.
Qxd8+ Kxd8 9. Nbd2 Ke7 10. Ne5 Bd6 11. Ndf3 Nbd7 12. Nxd7 Bxd7 13. Bd2 Ne4 14.
Ba5 Bb5 15. Rfc1 Rhc8 16. Bf1 g5 17. h3 h5 18. Nd2 Nxd2 19. Bxd2 1/2-1/2

[Event "Schachfestival Open"]
[Site "Bad Woerishofen"]
[Date "2011.03.25"]
[Round "3.8"]
[White "Kummerow, Heiko"]
[Black "Kovacevic, Blazimir"]
[Result "0-1"]
[WhiteElo "2321"]
[BlackElo "2466"]
[PlyCount "90"]
[EventDate "2011.??.??"]

1. e4 e6 2. d4 d5 3. Nc3 Nf6 4. e5 Nfd7 5. f4 c5 6. Nf3 Nc6 7. Be3 Qb6 8. Na4
Qa5+ 9. c3 c4 10. b4 Qc7 11. Nb2 b5 12. a4 Rb8 13. axb5 Rxb5 14. Qa4 a6 15. Be2
Nb6 16. Qc2 a5 17. bxa5 Nxa5 18. O-O Nb3 19. Rae1 Qa7 20. f5 exf5 21. g4 Qa2
22. e6 f6 23. Ng5 Be7 24. gxf5 fxg5 25. Bh5+ Kd8 26. Qg2 h6 27. h4 Qa7 28. Bf7
Bf6 29. hxg5 hxg5 30. Bxg5 Qe7 31. Bf4 Bb7 32. Qg3 Nc8 33. Na4 Bc6 34. Rb1 Rb7
35. Nc5 Nxc5 36. Rxb7 Nxb7 37. Ra1 Nbd6 38. Ra6 Kc7 39. Qe1 Kb7 40. Qa1 Nxf7
41. Ra8 Be5 42. Qa6+ Kc7 43. Qa5+ Nb6 44. Qa7+ Bb7 45. Rxh8 Bxf4 0-1

[Event "Schachfestival Open"]
[Site "Bad Woerishofen"]
[Date "2011.03.25"]
[Round "3.23"]
[White "Witte, Ronald"]
[Black "Medancic, Rikard"]
[Result "1/2-1/2"]
[WhiteElo "2067"]
[BlackElo "2264"]
[PlyCount "63"]
[EventDate "2011.??.??"]

1. d4 Nf6 2. c4 e6 3. Nf3 Bb4+ 4. Bd2 Qe7 5. g3 Bxd2+ 6. Qxd2 b6 7. Bg2 Bb7 8.
O-O d6 9. Nc3 O-O 10. Rfd1 Ne4 11. Nxe4 Bxe4 12. Qf4 f5 13. Qh4 Qxh4 14. Nxh4
Nd7 15. Bxe4 fxe4 16. Ng2 g5 17. b4 a5 18. a3 Kf7 19. Ne3 Ke7 20. d5 e5 21. g4
Nf6 22. h3 h5 23. Kg2 Kd7 24. Kg3 h4+ 25. Kg2 Ng8 26. Nf5 Ne7 27. Nxe7 Kxe7 28.
b5 Rf4 29. e3 Rf3 30. a4 Raf8 31. Ra2 R8f6 32. Rb2 1/2-1/2

[Event "Schachfestival Open"]
[Site "Bad Woerishofen"]
[Date "2011.03.25"]
[Round "3.25"]
[White "Kimmich, Bernd"]
[Black "Schulz, Michael"]
[Result "0-1"]
[WhiteElo "1878"]
[BlackElo "2232"]
[PlyCount "94"]
[EventDate "2011.??.??"]

1. d4 Nf6 2. c4 c5 3. e3 g6 4. Nf3 Bg7 5. Nc3 O-O 6. Be2 cxd4 7. exd4 d5 8. O-O
Nc6 9. h3 a6 10. Be3 dxc4 11. Bxc4 b5 12. Bb3 Bb7 13. a3 Rc8 14. Ba2 Na5 15.
Ne5 Nd5 16. Nxd5 Bxd5 17. b4 Nc4 18. Nxc4 Bxc4 19. Re1 Qd5 20. Qd2 Rfd8 21.
Bxc4 Rxc4 22. Rac1 e5 23. Rcd1 exd4 24. Bg5 Rdc8 25. Be7 Qf5 26. Qd3 Qxd3 27.
Rxd3 Rc1 28. Rxc1 Rxc1+ 29. Kh2 Be5+ 30. g3 f5 31. Bg5 Rc3 32. Rxc3 dxc3 33.
Kg2 f4 34. gxf4 Bd4 35. f5 gxf5 36. Kf3 Kf7 37. Ke2 Kg6 38. Bf4 Kh5 39. Bg3 Kg5
40. f4+ Kf6 41. Kd3 Ke6 42. Be1 Kd5 43. Bg3 h5 44. Bh4 c2 45. Kxc2 Ke4 46. Kb3
Kxf4 47. a4 Kf3 0-1

[Event "Schachfestival Open"]
[Site "Bad Woerishofen"]
[Date "2011.03.25"]
[Round "3.32"]
[White "Mack, Thomas"]
[Black "Lindemann, Christian"]
[Result "0-1"]
[WhiteElo "2040"]
[BlackElo "2230"]
[PlyCount "62"]
[EventDate "2011.??.??"]

1. e4 e6 2. d4 d5 3. Nc3 Nf6 4. Bg5 Be7 5. e5 Nfd7 6. h4 a6 7. Qg4 f5 8. Qh5+
g6 9. Qh6 Bxg5 10. hxg5 Qe7 11. Nge2 Nf8 12. Nf4 c6 13. g4 fxg4 14. Bd3 Rg8 15.
Qh4 Nbd7 16. O-O-O b5 17. Qxg4 Nb6 18. Rh6 Ra7 19. Rdh1 Kd8 20. Nce2 Rg7 21.
Ng3 a5 22. Rg1 Rf7 23. Qh4 a4 24. c3 b4 25. c4 dxc4 26. Bxg6 hxg6 27. Nxg6 Nxg6
28. Rxg6 a3 29. Ne4 axb2+ 30. Kc2 b3+ 31. axb3 cxb3+ 0-1

[Event "Schachfestival Senioren"]
[Site "Bad Woerishofen"]
[Date "2011.03.26"]
[Round "3.6"]
[White "Born, Bernd-Ludger"]
[Black "Trescher, Manfred"]
[Result "1-0"]
[WhiteElo "2067"]
[BlackElo "2215"]
[PlyCount "101"]
[EventDate "2011.??.??"]

1. d4 e6 2. Bf4 d5 3. e3 Bd6 4. Ne2 Bxf4 5. Nxf4 Nf6 6. Nd2 Nbd7 7. c4 c6 8.
Bd3 e5 9. Ne2 exd4 10. Nxd4 Ne5 11. Be2 dxc4 12. Nxc4 Nxc4 13. Bxc4 Qa5+ 14.
Qd2 Qxd2+ 15. Kxd2 O-O 16. Ke2 b5 17. Bb3 Bd7 18. Rhc1 Rac8 19. Bc2 g6 20. Bd3
c5 21. Nf3 Rfe8 22. b3 Nd5 23. Kf1 Nb6 24. Nd2 Red8 25. Ke1 f5 26. Be2 Nd5 27.
a4 bxa4 28. Bc4 Be8 29. bxa4 Kg7 30. Nb3 Nb6 31. Ba6 c4 32. Nd4 Bxa4 33. Ne6+
Kf6 34. Nxd8 Rxd8 35. Bxc4 Rd7 36. Be2 Re7 37. Rcb1 Bc6 38. Bf3 Be8 39. g3 g5
40. Rb4 Bf7 41. Be2 Rc7 42. h4 h6 43. Ra6 Kg7 44. hxg5 hxg5 45. Bd3 Be6 46. Rb1
Kf6 47. Rba1 Rc3 48. R6a3 Rxa3 49. Rxa3 Nc8 50. Ra6 Ke7 51. Kd2 1-0

[Event "Schachfestival Senioren"]
[Site "Bad Woerishofen"]
[Date "2011.03.26"]
[Round "3.7"]
[White "Weinwurm, Wolfgang"]
[Black "Schmidt, Wolfgang"]
[Result "1/2-1/2"]
[WhiteElo "2202"]
[BlackElo "2067"]
[PlyCount "91"]
[EventDate "2011.??.??"]

1. e4 g6 2. d4 Bg7 3. Nc3 a6 4. Be3 d6 5. Qd2 Nd7 6. f4 b5 7. Nf3 Bb7 8. Bd3
Ngf6 9. e5 Nd5 10. Nxd5 Bxd5 11. O-O c5 12. c3 O-O 13. exd6 exd6 14. f5 cxd4
15. Bxd4 Ne5 16. Nxe5 dxe5 17. Bc5 Re8 18. Qe3 Qh4 19. Qf2 Qxf2+ 20. Rxf2 Rac8
21. Be3 Rcd8 22. Bc2 Bc4 23. a4 Bd3 24. axb5 axb5 25. fxg6 hxg6 26. g4 Bxc2 27.
Rxc2 Rd3 28. Kf2 f5 29. gxf5 gxf5 30. Ke2 e4 31. Ra5 Rd5 32. Rc1 Red8 33. Rg1
Kf8 34. Rg6 Kf7 35. Rb6 Be5 36. Rbxb5 Rxb5 37. Rxb5 Ke6 38. Rb6+ Kf7 39. Bg5
Rh8 40. h4 Ra8 41. Rb7+ Kg6 42. Rb6+ Kf7 43. h5 Ra1 44. Rb7+ Ke6 45. h6 Rh1 46.
h7 1/2-1/2

[Event "Schachfestival Senioren"]
[Site "Bad Woerishofen"]
[Date "2011.03.26"]
[Round "3.8"]
[White "Teichmeister, Sven"]
[Black "Krieger, Hermann"]
[Result "0-1"]
[WhiteElo "2058"]
[BlackElo "2172"]
[PlyCount "42"]
[EventDate "2011.??.??"]

1. e4 c5 2. Nc3 a6 3. f4 b5 4. d3 e6 5. Nf3 Bb7 6. Qe2 Nc6 7. Be3 Nf6 8. h3 d5
9. exd5 Nxd5 10. Nxd5 Qxd5 11. c4 Qd6 12. g3 Be7 13. Bg2 O-O 14. O-O Rfd8 15.
Rfd1 Bf6 16. Qf2 Nd4 17. Nxd4 cxd4 18. Bxb7 dxe3 19. Qe2 Rab8 20. Be4 Qd4 21.
Rab1 bxc4 0-1

[Event "Schachfestival Senioren"]
[Site "Bad Woerishofen"]
[Date "2011.03.26"]
[Round "3.9"]
[White "Lutz, Albert"]
[Black "Huhn, Ulrich"]
[Result "1-0"]
[WhiteElo "2166"]
[BlackElo "2030"]
[PlyCount "97"]
[EventDate "2011.??.??"]

1. Nf3 d5 2. d4 Nf6 3. g3 Bf5 4. Bg2 e6 5. O-O Be7 6. c4 c6 7. Nc3 Nbd7 8. b3
h6 9. Bb2 Ne4 10. Nd2 Nxc3 11. Bxc3 Nf6 12. f3 O-O 13. e4 dxe4 14. fxe4 Bg6 15.
e5 Ne8 16. Nf3 Qb6 17. Qd2 a5 18. Qe3 Nc7 19. Rad1 Na6 20. Kh1 Rfd8 21. Nh4
Bxh4 22. gxh4 Rd7 23. Bf3 Kh8 24. Bg4 Nc7 25. h5 Bh7 26. Rf2 Kg8 27. Rg2 Kh8
28. Bf3 Rad8 29. Qe1 Ra8 30. Qg3 Rg8 31. Qf4 Qa7 32. d5 cxd5 33. cxd5 Nxd5 34.
Rxd5 exd5 35. e6 fxe6 36. Bd4 b6 37. Qxh6 Rf7 38. Be2 Qe7 39. Bd3 Rf5 40. Bxf5
exf5 41. Qd2 f4 42. Kg1 Qe6 43. Rg5 f3 44. Qc3 Qe7 45. h4 f2+ 46. Kxf2 Rf8+ 47.
Kg1 Rf7 48. h6 Be4 49. hxg7+ 1-0

[Event "Schachfestival Senioren"]
[Site "Bad Woerishofen"]
[Date "2011.03.26"]
[Round "3.2"]
[White "Rahls, Peter"]
[Black "Rychlik, Kurt"]
[Result "1-0"]
[WhiteElo "2249"]
[BlackElo "2106"]
[PlyCount "61"]
[EventDate "2011.??.??"]

1. e4 e5 2. Nf3 Nc6 3. Bc4 Bc5 4. O-O Nf6 5. d4 Bxd4 6. Nxd4 Nxd4 7. Bg5 Ne6 8.
Bxe6 fxe6 9. f4 Qe7 10. Kh1 d6 11. fxe5 dxe5 12. Nd2 O-O 13. Nf3 Qc5 14. Qe1 a5
15. Rd1 b6 16. Bxf6 gxf6 17. Qg3+ Kh8 18. Nxe5 Qe7 19. Qh4 Qg7 20. Rf3 f5 21.
Qf4 Bb7 22. Rd7 fxe4 23. Nf7+ Rxf7 24. Qxf7 Qh6 25. Rf6 Qc1+ 26. Rf1 Qh6 27.
Re7 Rg8 28. Re8 Qg5 29. Rxg8+ Qxg8 30. Qf6+ Qg7 31. Qd8+ 1-0

[Event "Schachfestival Senioren"]
[Site "Bad Woerishofen"]
[Date "2011.03.26"]
[Round "3.5"]
[White "Ziltener, Werner"]
[Black "Villing, Dieter"]
[Result "0-1"]
[WhiteElo "2084"]
[BlackElo "2223"]
[PlyCount "56"]
[EventDate "2011.??.??"]

1. Nf3 d6 2. d4 Bg4 3. g3 Nc6 4. Bg2 e5 5. c4 Bxf3 6. Bxf3 exd4 7. Bxc6+ bxc6
8. Qxd4 Nf6 9. Nc3 Be7 10. b3 O-O 11. Bb2 Qd7 12. h3 Qf5 13. Qd3 Qe6 14. g4
Rfe8 15. O-O Rad8 16. Rad1 d5 17. cxd5 cxd5 18. Nb5 Qd7 19. Nd4 g6 20. Qa6 Nxg4
21. Nc6 Bd6 22. Nxd8 Nh2 23. Kg2 Nxf1 24. Rxf1 Qxd8 25. Qd3 Qg5+ 26. Kh1 Qf4
27. Qg3 Qxg3 28. fxg3 Rxe2 0-1

[Event "Schachfestival Nestoren"]
[Site "Bad Woerishofen"]
[Date "2011.03.25"]
[Round "3.1"]
[White "Erhart, Uwe"]
[Black "Hund, Gerhard"]
[Result "1/2-1/2"]
[WhiteElo "2085"]
[BlackElo "2109"]
[PlyCount "47"]
[EventDate "2011.??.??"]

1. d4 d5 2. Nf3 Nf6 3. Bf4 e6 4. e3 Bd6 5. Bxd6 cxd6 6. c4 O-O 7. cxd5 Nxd5 8.
Be2 b6 9. O-O Bb7 10. Qd2 Nd7 11. Rc1 f5 12. Nc3 N7f6 13. Nxd5 Bxd5 14. Ne1 Ne4
15. Qc2 Rc8 16. Qxc8 Qxc8 17. Rxc8 Rxc8 18. f3 Nf6 19. Kf2 Kf7 20. Bd3 g6 21.
Ke2 Bc4 22. Rc1 Bxd3+ 23. Nxd3 Rxc1 24. Nxc1 1/2-1/2

[Event "Schachfestival Nestoren"]
[Site "Bad Woerishofen"]
[Date "2011.03.25"]
[Round "3.2"]
[White "Lainburg, Viktor"]
[Black "Grönegress, Wilfried"]
[Result "1-0"]
[WhiteElo "2190"]
[BlackElo "2150"]
[PlyCount "63"]
[EventDate "2011.??.??"]

1. b3 d5 2. Bb2 c5 3. e3 Nc6 4. Nf3 Nf6 5. Bb5 Bd7 6. O-O e6 7. Bxc6 Bxc6 8.
Ne5 Be7 9. Nxc6 bxc6 10. d3 O-O 11. Qe2 Nd7 12. e4 e5 13. Nd2 Bd6 14. Qf3 Qf6
15. Qxf6 Nxf6 16. Rae1 Nd7 17. a4 f6 18. Ba3 Bc7 19. c3 Rfd8 20. Rb1 a5 21.
Rfc1 Bb6 22. Rc2 Nf8 23. d4 cxd4 24. cxd4 Bxd4 25. Rxc6 dxe4 26. Nxe4 Rdc8 27.
Rbc1 Rxc6 28. Rxc6 Nd7 29. g3 Nb6 30. Nd6 Rb8 31. Nb5 Kf7 32. Rd6 1-0

[Event "Schachfestival Nestoren"]
[Site "Bad Woerishofen"]
[Date "2011.03.25"]
[Round "3.3"]
[White "Schumacher, Helmut"]
[Black "Schurig, Wilhelm"]
[Result "0-1"]
[WhiteElo "2085"]
[BlackElo "1993"]
[PlyCount "80"]
[EventDate "2011.??.??"]

1. d4 g6 2. e4 Bg7 3. Nc3 d6 4. Nge2 Nd7 5. g3 c5 6. Bg2 cxd4 7. Nxd4 Ngf6 8.
O-O O-O 9. Nb3 Rb8 10. Be3 b6 11. h3 Bb7 12. Qe2 Nc5 13. Nxc5 bxc5 14. Rad1 Qa5
15. Qd2 Rfe8 16. b3 Nd7 17. Nd5 Qxa2 18. f4 Bxd5 19. exd5 Qb2 20. f5 Qc3 21.
fxg6 fxg6 22. Qe2 Ne5 23. Ra1 c4 24. Rxa7 cxb3 25. cxb3 Rxb3 26. Bf2 Rb2 27.
Qe1 Qxe1 28. Bxe1 Nc4 29. Rc7 Ne3 30. Rf2 Nxg2 31. Kxg2 Rxf2+ 32. Kxf2 Kf7 33.
Kf3 Rb8 34. Rc4 Rb5 35. Ke4 Rb2 36. Kf3 Be5 37. Re4 Rb3+ 38. Re3 Rb1 39. g4 Rd1
40. h4 h5 0-1

[Event "Schachfestival Open"]
[Site "Bad Woerishofen"]
[Date "2011.03.26"]
[Round "4.2"]
[White "Eisenbeiser, Amadeus"]
[Black "Karpatchev, Alexandr"]
[Result "0-1"]
[WhiteElo "2411"]
[BlackElo "2472"]
[PlyCount "76"]
[EventDate "2011.??.??"]

1. e4 e5 2. Nf3 Nc6 3. d4 exd4 4. Nxd4 Bc5 5. Nxc6 Qf6 6. Qf3 dxc6 7. Nc3 Be6
8. Be3 Bb4 9. Qxf6 Nxf6 10. f3 O-O-O 11. Bd2 Nd7 12. a3 Be7 13. O-O-O b5 14.
Be3 Kb7 15. Be2 a5 16. f4 Nb6 17. Rxd8 Rxd8 18. Rd1 Re8 19. Bf3 f6 20. Bf2 g5
21. g3 gxf4 22. gxf4 Bc4 23. Nb1 Bd6 24. Bg3 Bf7 25. Nd2 h5 26. h4 Rg8 27. Bh2
Bc5 28. Nb3 Be3+ 29. Kb1 Nc4 30. Rd7 Be8 31. Rd3 Kb6 32. Ka2 a4 33. Nd4 Bf7 34.
b3 axb3+ 35. cxb3 Rd8 36. Rxe3 Nxe3 37. Bg1 c5 38. Nxb5 Rd3 0-1

[Event "Schachfestival Open"]
[Site "Bad Woerishofen"]
[Date "2011.03.26"]
[Round "4.3"]
[White "Kovacevic, Blazimir"]
[Black "Gutman, Lev"]
[Result "1/2-1/2"]
[WhiteElo "2466"]
[BlackElo "2430"]
[PlyCount "71"]
[EventDate "2011.??.??"]

1. Nf3 Nf6 2. c4 g6 3. Nc3 Bg7 4. e4 O-O 5. d4 d6 6. Be2 Bg4 7. Be3 Nfd7 8. d5
c5 9. O-O a6 10. a4 a5 11. Qd2 Qb6 12. Nb5 Nf6 13. Qc2 Na6 14. h3 Nb4 15. Qb1
Bxf3 16. Bxf3 Nd7 17. Be2 Rae8 18. Ra3 Nb8 19. h4 Qd8 20. h5 e6 21. hxg6 hxg6
22. dxe6 Rxe6 23. Bg4 Ree8 24. Rd1 Qh4 25. Bf3 N8c6 26. Nxd6 Nd4 27. Nxe8 Rxe8
28. Bxd4 Bxd4 29. Rd2 Nc6 30. Qd1 Ne5 31. Rxd4 cxd4 32. Qxd4 Nxf3+ 33. Rxf3
Rxe4 34. Qd2 Rxc4 35. g3 Rd4 36. gxh4 1/2-1/2